01009 a2200205 45000010006000000050017000060080041000230030015000640400040000790800017001192450058001360200018001942500012002122640053002243000023002775050451003000410008007511000023007597000021007822127320260407155504.0260407a1998 arg spa dAR-UNSa-BCEJYS aAR-UNSa-BCEJYSbspacAR-UNSa-BCEJYS a512xAlgebra10aAlgebra y trigonometría con geometría analítica a968-7259-26-1 a9a. ed. 1aMéxico :bInternational Thomson Editoresc1998 axvi, 839 p.c25 cm a1. Conceptos fundamentales de álgebra - 2. Ecuaciones y desigualdades - 3. Funciones y gráficas - 4. Funciones polinomiales, funciones racionales y secciones cónicas - 5. Funciones exponenciales y logarítmicas - 6. Sistemas de ecuaciones y desigualdades - 7. Funciones trigonométricas - 8. Trigonometría analítica - 9. Aplicaciones de la trigonometría - 10. Sucesiones, series y probabilidad - 11. Temas de geometría analítica aspa1 aSwokowski, Earl W.1 aCole, Jeffery A.